000 00835nam a2200265 i 4500
001 C2-0334895
003 PPAK
005 20180728134555.0
008 151206s2001 my |||| ||||| | may d
020 _a9679581365
040 _aPPAK
_beng
_cPPAK
_erda
082 0 4 _a692.8026
_223
090 0 0 _a692.8026
_bNOR
_dG
100 0 _aNor Ainah Abdullah,
_eauthor
245 1 0 _aPengenalan kepada kontrak binaan
264 1 _aShah Alam, Selangor :
_bPusat Penerbitan Universiti (UPENA), UiTM ,
_c2001
300 _axxii, 253 pages ;
_c23 cm
336 _2rdacontent
_atext
337 _2rdamedia
_aunmediated
338 _2rdacarrier
_avolume
500 _aIncludes bibliographical references
650 1 0 _aConstruction contracts. ; Contracts for work and labor. ; Torts.
700 0 _aMohd Kamal Ramly,
_eeditor
942 _ddc
_cB
999 _c133295
_d133295